=LDR 00000nam 2200000 4500 =001 INLIS000000000024242 =005 20130612122837 =008 ***********************************Ind** =035 ##$$0010-061300000024242 =041 ##$$a Ind =082 ##$$a 812 =090 ##$$a 812, Sep s =245 ##$$a Sepuluh drama pendek samuel beckett =260 ##$$a 2006 $b Jakarta =300 ##$$a 122 hlm, 15 cm =650 ##$$a Drama pendek =850 ##$$a NBPNMAT